|
|
|
|
| LEADER |
01036nam a22001817a 4500 |
| 008 |
190326b xxu||||| |||| 00| 0 eng d |
| 999 |
|
|
|c 26124
|d 26124
|
| 020 |
|
|
|a 9789385313431
|
| 082 |
|
|
|a 909.08
|b VIJ
|
| 240 |
|
|
|a Adhunikayugathile viplavangal
|
| 245 |
|
|
|a ആധുനികയുഗത്തിലെ വിപ്ലവങ്ങള് /
|c എഡിറ്റര് എന്. വിജയന്
|
| 250 |
|
|
|a 4th ed.
|
| 260 |
|
|
|a തിരുവനന്തപുരം :
|b കേരള ഭാഷാ ഇന്സ്റ്റിറ്റ്യൂട്ട്,
|c 2016.
|
| 300 |
|
|
|a 360p.
|
| 700 |
|
|
|a Vijayan, N.
|e editor.
|
| 942 |
|
|
|2 ddc
|c BK
|
| 952 |
|
|
|0 0
|1 0
|2 ddc
|4 0
|6 909_080000000000000_VIJ
|7 0
|9 35773
|a MAIN
|b MAIN
|d 2019-03-26
|e Progress Publications
|g 190.00
|l 6
|m 2
|o 909.08 VIJ
|p 34719
|q 2020-06-01
|r 2020-03-20
|s 2020-03-20
|t 1
|w 2019-03-26
|y BK
|
| 952 |
|
|
|0 0
|1 0
|2 ddc
|4 0
|6 909_080000000000000_VIJ
|7 0
|9 36742
|a MAIN
|b MAIN
|d 2019-07-22
|e Kerala Bhasha Institute
|g 190.00
|l 2
|o 909.08 VIJ
|p 35214
|q 2020-06-01
|r 2020-03-20
|s 2020-03-20
|t 2
|w 2019-07-22
|y BK
|